Maes Les Derniers Salopards - Statistiques

Statistiques générales
  • Ce quiz a été pris 694 fois
  • Le résultat moyen est 11 sur 17
Statistiques - réponses
Titres % Correct
5 Blanche (feat. Booba)
86%
8 Distant (feat. Ninho)
82%
11 Dybala (feat. Jul)
82%
1 Dragovic
81%
3 Elvira
78%
2 Street
72%
13 Etoile
69%
9 Police
68%
14 Imparfait
64%
4 Mémoire
64%
10 Chromé
62%
12 Marco Polo
58%
15 Prioritaire
57%
7 A côté de moi
56%
17 Neb Nedal
56%
6 Les gens disent
53%
16 Menotté
49%
Aucun quiz correspondant
Distribution des résultats
% des personnes avec chaque résultat
Percentile par nombre de réponses
Votre historique - résultats
Vous n’avez pas pris ce quiz